• 首页
  • 本馆介绍
  • 公告通知
  • 最新文献
  • 馆藏检索
  • 电子资源
  • 读者导购
  • 参考咨询
  • 我的图书馆
  • 登录
  • 详细信息显示
  • 放入我的书架
  • 预约/预借图书
  • 作者相关作品
  • 分类相关作品
  • 丛书相关作品
  • 出版社相关作品

书目信息

  • 表格格式
  • 工作单格式
  • 卡片格式
题名:
中国传统弹拨乐的演奏与艺术风格探究
    
 
作者: 田洁 著
分册:  
出版信息: 北京   中国纺织出版社  2019
页数: 253页
开本: 24cm
丛书名:
单 册:
中图分类: J632.3
科图分类:
主题词: 民族器乐--min zu qi yue--拨弦乐器--奏法--研究--中国
电子资源:
ISBN: 978-7-5180-5015-4
000 01239nam0 2200253 450
001 012001007826
005 20131021144404.0
010    @a978-7-5180-5015-4@dCNY74.00
099    @aCAL 012018185380
100    @a20181130d2019 em y0chiy50 ea
101 0  @achi
102    @aCN@b110000
105    @aag a 000yy
106    @ar
200 1  @a中国传统弹拨乐的演奏与艺术风格探究@Azhong guo chuan tong tan bo yue de yan zou yu yi shu feng ge tan jiu@f田洁著
210    @a北京@c中国纺织出版社@d2019
215    @a253页@c图, 乐谱@d24cm
320    @a有书目 (第252-253页)
330    @a弹拨乐器是我国最丰富和最有特点的一类乐器组, 本书对中国传统弹拨乐的演奏与艺术风格进行了细致的研究与分析。首先对中国传统弹拨乐进行了一个整体上的概述, 主要论述了中国传统弹拨乐器的种类与形制, 并对中国传统弹拨乐的现代化传承进行了分析。然后分别对琵琶、古琴、古筝、扬琴、月琴、柳琴以及中阮等中国传统弹拨乐的演奏与艺术风格进行了细致的研究与分析。最后则是对弹拨乐经典曲目的分析与鉴赏。整体上看, 本书论述严谨, 结构合理, 条理清晰, 内容丰富新颖, 是一本值得学习研究的著作。
606 0  @a民族器乐@Amin zu qi yue@x拨弦乐器@x奏法@x研究@y中国
690    @aJ632.3@v5
701  0 @a田洁@Atian jie@4著
801  0 @aCN@b上海新华@c20191020
905    @b1177446-9@dJ632.3@e160@f4
    
    中国传统弹拨乐的演奏与艺术风格探究/田洁著.-北京:中国纺织出版社,2019
    253页:图, 乐谱;24cm
    
    
    ISBN 978-7-5180-5015-4:CNY74.00
    弹拨乐器是我国最丰富和最有特点的一类乐器组, 本书对中国传统弹拨乐的演奏与艺术风格进行了细致的研究与分析。首先对中国传统弹拨乐进行了一个整体上的概述, 主要论述了中国传统弹拨乐器的种类与形制, 并对中国传统弹拨乐的现代化传承进行了分析。然后分别对琵琶、古琴、古筝、扬琴、月琴、柳琴以及中阮等中国传统弹拨乐的演奏与艺术风格进行了细致的研究与分析。最后则是对弹拨乐经典曲目的分析与鉴赏。整体上看, 本书论述严谨, 结构合理, 条理清晰, 内容丰富新颖, 是一本值得学习研究的著作。
●
相关链接 在E读中查询图书 在五车中查询图书 在当当中查询图书 在豆瓣中查询图书


正题名:中国传统弹拨乐的演奏与艺术风格探究     索取号:J632.3/160         预约/预借

序号 登录号 条形码 馆藏地/架位号 状态 备注
1 1177446   211774463   第一样本阅览室/ [索取号:J632.3/160] 在馆    
2 1177447   211774472   第一借阅区/ [索取号:J632.3/160] 在馆    
3 1177448   211774481   第一借阅区/ [索取号:J632.3/160] 在馆    
4 1177449   211774490   第一借阅区/ [索取号:J632.3/160] 在馆    
唐山师范学院图书馆 欢迎您!
大连网信软件有限公司© 版权所有